Možnosti ukladania rádioaktívneho odpadu hlbinným spôsobom

Bibliographic Details
Main Author: Beličáková, Silvia (Author)
Format: Article
Language:Slovak
ISBN:8071652601
Subjects:

MARC

LEADER 00000nab a2200000 a 4500
001 vtls000871926
003 SK-MaSNL
005 20260304215641.0
008 040806c2000 xo 0 slo
015 |a SNBRA2004/05-14236 
035 |a CLN000223478 
040 |a SNKBUCL  |b slo  |c SNKBUCL  |e AACR2 
041 0 |a slo 
044 |a xo  |c SK 
080 |a 621.039.75  |2 UDC-MRF-SK2 
080 |a 628.472.3.047  |2 UDC-MRF-SK2 
100 1 |a Beličáková, Silvia  |4 aut  |9 583958 
245 1 0 |a Možnosti ukladania rádioaktívneho odpadu hlbinným spôsobom  |c Silvia Beličáková 
650 0 7 |a rádioaktívny odpad  |2 snkbucl  |9 50832 
650 0 7 |a hlbinné úložiská odpadu  |2 snkbucl  |9 1550555 
650 0 7 |a úložiská rádioaktívneho odpadu  |2 snkbucl  |9 70966 
655 7 |a články zo zborníkov  |2 snkbucl  |9 166140 
773 0 |z 8071652601  |t Zneškodňovanie a uskladňovanie odpadov v zemskej kôre a podzemných priestoroch  |d Prešov : Vydavateľstvo Michal Vaško, 2000  |g S. [153-155] 
850 |a Slovenská národná knižnica v Martine 
852 |a SNK  |b KIS3GCP 
999 |c 3147566  |d 3149496